01283nam a22001577a 4500003000900000005001700009008004100026040001300067100005000080245005800130250000600188260007300194300002000267490001900287520081900306IT-RoPau20220918175936.0121212b xxu||||| |||| 00| 0 eng d cIT-RoPau aAlberione GiacomoqFondatore Famiglia Paolina aCatechismo sociale.bElementi di sociologia cristiana aI aRomabCasa Generalizia della famiglia Paolina in Via della Fanella  a187 p.c21,5 cm aOpera OmniavI aINDICE GENERALE INTRODUZIONE A. Com'è nato il presente Catechismo B. Significato storico culturale Qualche elogio incoraggiante Tempestività e adeguatezza, ma non troppo Una fioritura di <> negli annni '30... ...che divengono una valanga alla metà degli anni '40 Anche se non fu tra i primi, don Alberione è arrivato in tempo Attualità e opportunità di questa riedizione nell'<> CATECHISMO SOCIALE Principali documenti citati I. L' uomo e la società II. La famiglia III. La società civile IV. La Chiesa V. Il lavoro e l' ordine economico VI. La società Appendice INDICI Indice delle citazioni bibliche Indice dei documenti, libri e giornali Indice dei luoghi Indice dei nomi di persona Indice analitico